MARC

LEADER 00000nam0a2200000 4500
001 298385
005 20231102001110.0
020 |a RU  |b 84-69106 
035 |a (RuTPU)RU\TPU\book\323528 
090 |a 298385 
100 |a 20150618d1984 km y0rusy5003 ca 
101 0 |a rus 
102 |a RU 
105 |a a z 001zy 
200 1 |a Тугоплавкие металлы, сплавы и соединения с монокристаллической структурой  |e [сборник статей]  |f Академия наук СССР (АН СССР), Институт металлургии им. А. А. Байкова (ИМЕТ) ; под ред. Е. М. Савицкого 
210 |a Москва  |c Наука  |d 1984 
215 |a 259 с.  |c ил. 
320 |a Библиогр. в конце ст. 
606 1 |a Сталь  |x Физико-механические свойства при высоких температурах  |2 stltpush  |3 (RuTPU)RU\TPU\subj\56373  |9 74283 
606 1 |a Редкие металлы, тугоплавкие  |x Термическая обработка  |2 stltpush  |3 (RuTPU)RU\TPU\subj\24245  |9 48649 
610 1 |a монокристаллы 
610 1 |a кристаллическая структура 
610 1 |a выращивание 
610 1 |a пластическая деформация 
610 1 |a отжиг 
610 1 |a обработка резанием 
675 |a 669.018.45  |z rus  |v 3 
675 |a 669.85/.86  |z rus  |v 3 
702 1 |a Савицкий  |b Е. М.  |g Евгений Михайлович  |4 340 
712 0 2 |a Академия наук СССР (АН СССР)  |b Институт металлургии им. А. А. Байкова (ИМЕТ)  |c (Москва)  |2 stltpush  |3 (RuTPU)RU\TPU\col\312 
801 0 |a RU  |b RuMRKP  |c 19950704  |g psbo 
801 1 |a RU  |b 63413507  |c 20150618 
801 2 |a RU  |b 63413507  |c 20190212  |g RCR 
942 |c BK